Online
Catalog

Catálogo de libros mexicanos presentados en la exposición del libro méxicano organizado por la biblioteca de la universidad para conmemorar el 140 aniversario de la Revolución Méxicana. (Record no. 32845)

MARC details
000 -CABECERA
campo de control de longitud fija 01007nam a2200229 a 4500
001 - NÚMERO DE CONTROL
campo de control 000033354
005 - FECHA Y HORA DE LA ÚLTIMA TRANSACCIÓN
campo de control 20240307073948.0
008 - DATOS DE LONGITUD FIJA--INFORMACIÓN GENERAL
campo de control de longitud fija 110825s1950 dr r 000 0 spa d
040 ## - FUENTE DE LA CATALOGACIÓN
Centro catalogador/agencia de origen DO-SdBNP
Lengua de catalogación spa
Centro/agencia transcriptor BNPHU
082 ## - NÚMERO DE LA CLASIFICACIÓN DECIMAL DEWEY
Número de clasificación 015.72
Número de documento/Ítem C357L
245 00 - MENCIÓN DE TÍTULO
Título Catálogo de libros mexicanos presentados en la exposición del libro méxicano organizado por la biblioteca de la universidad para conmemorar el 140 aniversario de la Revolución Méxicana.
246 14 - FORMA VARIANTE DE TÍTULO
Título propio/Titulo breve Exposición del libro méxicano
260 ## - PUBLICACIÓN, DISTRIBUCIÓN, ETC.
Lugar de publicación, distribución, etc. Ciudad Trujillo, República Dominicana :
Nombre del editor, distribuidor, etc. Montalvo,
Fecha de publicación, distribución, etc. 1950.
300 ## - DESCRIPCIÓN FÍSICA
Extensión 84 p. ;
Dimensiones 25 cm.
490 1# - MENCIÓN DE SERIE
Mención de serie Publicaciones de la Universidad de Santo Domingo
-- Bibliografía;
Designación de volumen o secuencia 74
590 ## - NOTA LOCAL (RLIN)
Nota local Inventariado, 2018/BT
650 #4 - PUNTO DE ACCESO ADICIONAL DE MATERIA--TÉRMINO DE MATERIA
Término de materia o nombre geográfico como elemento de entrada Libros
Subdivisión general Exposiciones
9 (RLIN) 34754
651 #4 - PUNTO DE ACCESO ADICIONAL DE MATERIA--NOMBRE GEOGRÁFICO
Nombre geográfico México
Subdivisión general Bibliografías
9 (RLIN) 58940
710 12 - PUNTO DE ACCESO ADICIONAL--NOMBRE DE ENTIDAD CORPORATIVA
Nombre de entidad corporativa o nombre de jurisdicción como elemento de entrada Universidad Autónoma de Santo Domingo
9 (RLIN) 72951
830 #0 - PUNTO DE ACCESO ADICIONAL DE SERIE-TÍTULO UNIFORME
Título uniforme Publicaciones de la Universidad de Santo Domingo ;
Nombre de parte o sección de la obra Bibliografía;
Designación de volumen o secuencia 74
9 (RLIN) 58941
910 ## - DATOS DE OPCIÓN DEL USUARIO (OCLC)
Datos de opción del usuario Validado. Control de calidad MFF
Holdings
Estado de retiro Estado de pérdida Restricciones de uso No para préstamo Código de colección Localización permanente Ubicación/localización actual Ubicación en estantería Fecha de adquisición Número de inventario Total de préstamos Signatura topográfica completa Código de barras Fecha visto por última vez Número de copia Precio válido a partir de Tipo de ítem Koha Nota pública
  Extraviado     Raros y valiosos General General Extraviado 25.08.2011 LF1   015.72 C357L 33354-30 25.06.2020 e.3 25.06.2020 Préstamo en sala  
      Excluido de préstamo Raros y valiosos Patrimonio Dominicano Patrimonio Dominicano Depósito 25.08.2011 LF1   015.72 C357L 33354-10 25.06.2020   25.06.2020 No se presta Perteneció a la biblioteca personal de Martínez Boog
      Excluido de préstamo Raros y valiosos Patrimonio Dominicano Patrimonio Dominicano Depósito 25.08.2011 LF1   015.72 C357L 33354-20 25.06.2020 e.2 25.06.2020 No se presta  

Powered by Koha